Statistiques concernant Quiz général de linguistique

Cliquez ici pour prendre le quiz!

Statistiques générales

  • Ce quiz a été pris 110 fois
    (45 depuis la dernière actualisation)
  • Le résultat moyen est 4 sur 13

Statistiques - réponses

QuestionsRéponses% Correct
En quelle langue écrivait Franz Kafka ?Allemand
83%
Combien de lettres y avait-il dans l'alphabet latin à l'origine ?20 lettres
71%
Quel est le système d'écriture japonais issu du chinois ?Kanji
49%
En quelle langue la reine d'Angleterre rédige-t-elle ses ordonnances ?Français
46%
Quelle lettre a été bannie de l'alphabet islandais en 1974 ?Il s'agit de la lettre Z
46%
Quelle langue parlait Jésus de Nazareth ?Jésus de Nazareth parlait avant tout l'araméen, bien qu'il ait aussi pu maîtriser le grec
46%
Quelle est la langue officielle des Etats-Unis d'Amérique au niveau fédéral ?Aucune
24%
Quel est l'État le plus linguistiquement diversifié au monde ?Papouasie-Nouvelle-Guinée
24%
Quelle langue constitue à elle seule une branche de la famille des langues indo-européennes ?Arménien/Albanais
20%
Quel pays compte le plus de langues officielles ?Bolivie
15%
Quelle est la typologie linguistique la plus fréquente dans les langues de monde ?Sujet-Objet-Verbe
10%
Quelle langue parlait Charlemagne ?Charlemagne parlait le francique rhénan
2%
Quelle hypothèse linguistique a inspiré la création de la novlangue ?Hypothèse de Sapir-Whorf
2%

Distribution des résultats

Percentile par nombre de réponses

% des personnes avec chaque résultat

Votre développement - résultats

Vous n’avez pas pris ce quiz depuis la dernière actualisation